Conduct disorders of childhood and adolescence : (Record no. 4915)

000 -LEADER
fixed length control field 01209cam a2200361 a 4500
003 - CONTROL NUMBER IDENTIFIER
control field OSt
005 - DATE AND TIME OF LATEST TRANSACTION
control field 20220331070245.0
008 - FIXED-LENGTH DATA ELEMENTS--GENERAL INFORMATION
fixed length control field 860715s1987 enka b 001 0 eng c
020 ## - INTERNATIONAL STANDARD BOOK NUMBER
International Standard Book Number 0471912301 :
020 ## - INTERNATIONAL STANDARD BOOK NUMBER
International Standard Book Number 047191231X (pbk.) :
040 ## - CATALOGING SOURCE
Transcribing agency DLC
050 10 - LIBRARY OF CONGRESS CALL NUMBER
Classification number RJ506.P63
Item number H47 1987
060 ## - NATIONAL LIBRARY OF MEDICINE CALL NUMBER
Classification number WS 350.2 H537c
100 1# - MAIN ENTRY--PERSONAL NAME
Personal name Herbert, Martin.
245 10 - TITLE STATEMENT
Title Conduct disorders of childhood and adolescence :
Remainder of title a social learning perspective /
Statement of responsibility, etc. Martin Herbert.
250 ## - EDITION STATEMENT
Edition statement 2nd ed.
260 ## - PUBLICATION, DISTRIBUTION, ETC.
Place of publication, distribution, etc. Chichester ;
-- New York :
Name of publisher, distributor, etc. Wiley,
Date of publication, distribution, etc. c1987.
300 ## - PHYSICAL DESCRIPTION
Extent xii, 348 p. :
Other physical details ill. ;
Dimensions 24 cm.
500 ## - GENERAL NOTE
General note Includes index.
504 ## - BIBLIOGRAPHY, ETC. NOTE
Bibliography, etc. note Bibliography: p. 318-344.
650 #0 - SUBJECT ADDED ENTRY--TOPICAL TERM
Topical term or geographic name entry element Conduct disorders in children.
650 #0 - SUBJECT ADDED ENTRY--TOPICAL TERM
Topical term or geographic name entry element Conduct disorders in adolescence.
650 #0 - SUBJECT ADDED ENTRY--TOPICAL TERM
Topical term or geographic name entry element Behavior therapy for children.
650 #0 - SUBJECT ADDED ENTRY--TOPICAL TERM
Topical term or geographic name entry element Behavior therapy for teenagers.
650 #0 - SUBJECT ADDED ENTRY--TOPICAL TERM
Topical term or geographic name entry element Behavioral assessment of children.
650 #0 - SUBJECT ADDED ENTRY--TOPICAL TERM
Topical term or geographic name entry element Behavioral assessment of teenagers.
650 #2 - SUBJECT ADDED ENTRY--TOPICAL TERM
Topical term or geographic name entry element Behavior Therapy.
650 #2 - SUBJECT ADDED ENTRY--TOPICAL TERM
Topical term or geographic name entry element Child Behavior Disorders.
650 #2 - SUBJECT ADDED ENTRY--TOPICAL TERM
Topical term or geographic name entry element Juvenile Delinquency.
650 #2 - SUBJECT ADDED ENTRY--TOPICAL TERM
Topical term or geographic name entry element Social Behavior Disorders
General subdivision in infancy & childhood.
906 ## - LOCAL DATA ELEMENT F, LDF (RLIN)
a 7
b cbc
c orignew
d 1
e ocip
f 19
g y-gencatlg
942 ## - ADDED ENTRY ELEMENTS (KOHA)
Source of classification or shelving scheme
Koha item type Book
Holdings
Withdrawn status Lost status Source of classification or shelving scheme Damaged status Not for loan Permanent Location Current Location Shelving location Date acquired Source of acquisition Total Checkouts Full call number Barcode Date last seen Price effective from Koha item type Public note
          AU LIBRARY AU LIBRARY Open Shelf 31.03.2022 DONATION FROM MOI UNIVERSITY   RJ506.P63 H47 1987 28009109 31.03.2022 31.03.2022 Book SM

Powered by Koha